| 000 | 00775nam a22002417a 4500 | ||
|---|---|---|---|
| 005 | 20140310183629.0 | ||
| 008 | 131115b xxu||||| |||| 00| 0 eng d | ||
| 020 | _a9780415808293 | ||
| 050 |
_aLB 1050 _b.Sm574 2012 |
||
| 100 | _aSmith, Frank. | ||
| 245 |
_aUnderstanding reading : _ba psycholinguistic analysis of reading and learning to read / _cFrank Smith. |
||
| 250 | _a6th ed. | ||
| 260 |
_aNew York : _bRoutledge, _c2012. |
||
| 300 |
_axv, 374 p. : _bill. ; _c24 cm. |
||
| 440 | _aRoutledge education classic edition series | ||
| 500 | _aIncludes Bibliographic References and Index. | ||
| 521 | _aEDU | ||
| 650 | _aReading. | ||
| 650 | _aLearning, Psychology of. | ||
| 650 | _aWritten communication. | ||
| 942 |
_2lcc _cBK _kFOR |
||
| 999 |
_c25572 _d25572 |
||